000 00599nam a22001817a 4500
005 20120130122214.0
008 120130t xxu||||| |||| 00| 0 eng d
020 _a8187224568
_c100.00
035 _aB-82183
040 _aDPL
_bENG
100 _aGandep, A. K.
_940368
245 _aSainik School entrance test /
_cby A. K. Gandep
250 _a1st ed.
260 _aMeerut
_bKrishna Prakashan Media (P) Ltd.
_c2004
300 _a216p.
_c24 cms.
942 _2ddc
_cEN
_h000
_mGAN
999 _c61660
_d61660